| 000 | 01529nam0a2200349 4500 | ||
|---|---|---|---|
| 001 | RU\NLR\bibl\1799817 | ||
| 005 | 20260406164027.0 | ||
| 010 |
_a978-5-17-043478-7 _bАСТ |
||
| 010 |
_a978-5-9713-4830-6 _bАСТ МОСКВА _97000 |
||
| 035 | _a(NLR Aleph) 001790489 | ||
| 090 |
_a1754211 _c1754211 |
||
| 100 | _a20110818d2011 |||y0rusy50 ca | ||
| 101 | 0 | _arus | |
| 102 | _aRU | ||
| 105 | _ay ||||||||| | ||
| 200 | 1 |
_aАлександр II. День последний _eиз книги "Александр II: жизнь и смерть" _fЭдвард Радзинский |
|
| 210 |
_aМосква _cАСТ _cАСТ-МОСКВА _d[2011] (макет 2007) |
||
| 215 |
_a239 с. _d17 |
||
| 488 | 0 |
_12001#$aАлександр II: жизнь и смерть _tАлександр II: жизнь и смерть |
|
| 517 | 0 | _aДень последний | |
| 600 | 0 |
_aАлександр _cимператор российский _dII _f1818 - 1881 _xв художественной литературе _9923635 _3RU\NLR\AUTH\6620184 |
|
| 686 | _aШ6(2=Р)75-442 | ||
| 700 | 1 |
_4070 _7ca _8rus _aРадзинский _bЭ. С. _f1936- _gЭдвард Станиславович _3RU\NLR\auth\773667 _9113660 |
|
| 702 | 0 |
_4570 _8rus _7ca _aАлександр _cимператор российский _dII _f1818-1881 _3RU\NLR\AUTH\7710521 _9120289 |
|
| 801 | 0 |
_aRU _bNLR _c20110818 _gRCR |
|
| 801 | 1 |
_aRU _bNLR _c20110818 |
|
| 942 | _cBOOK | ||
| 980 | _aNB | ||
| 980 | _aNBR | ||